00473nam a2200169Ia 4500003000400000008004100004040001600045082001700061100001800078245008700096700002200183260003000205300001300235650002700248650001600275650001200291GCL140319s9999 xx 000 0 eng d aGCL / cGCL04a028.703bC A1 aCODLIN, ELLEN10aThe Aslib directory of Information sources in the United Kingdom / cCODLIN, ELLEN1 aREYNARD, KEITH W. a[S.N] : bASLIB ، c1992 a1353 P P04aINTERNATIONAL SERVICES04aDIRECTORIES04aBRITISH